000 00589pam a2200205 a 4500
001 711057
005 20241127161431.0
008 971016s1998 nyub b 001 0 eng
020 _a039395871X (pbk. : v. 1)
020 _a0393958728 (pbk. : v. 2)
050 0 0 _aPS507
_b.N65 1998
082 0 0 _a810.8
_221
245 0 4 _aThe Norton anthology of American literature /
_cNina Baym, general editor.
250 _a5th ed.
260 _aNew York :
_bW.W. Norton,
_cc1998.
300 _a2 v. :
_bmaps ;
_c24 cm.
650 0 _aAmerican literature.
700 1 _aBaym, Nina.
942 _2lcc
_cBK
_n0
999 _c1645
_d1645